Cinco Documentos / (Record no. 21655)

MARC details
000 -CABECERA
campo de control de longitud fija 00773nam a2200253 4500
003 - IDENTIFICADOR DEL NÚMERO DE CONTROL
campo de control OSt
005 - FECHA Y HORA DE LA ÚLTIMA TRANSACCIÓN
campo de control 20260601193846.0
008 - DATOS DE LONGITUD FIJA--INFORMACIÓN GENERAL
campo de control de longitud fija 260507b1971 cu |||| |||| 00| 0 spa d
040 ## - FUENTE DE LA CATALOGACIÓN
Centro catalogador/agencia de origen ICI
Lengua de catalogación spa
Centro/agencia transcriptor ICI
041 ## - CÓDIGO DE LENGUA
Código de lengua del texto/banda sonora o título independiente spa
050 ## - SIGNATURA TOPOGRÁFICA DE LA BIBLIOTECA DEL CONGRESO
Número de clasificación F1788.22.C3
Número de documento/Ítem C67 1971
100 #1 - ENTRADA PRINCIPAL--NOMBRE DE PERSONA
Nombre de persona Castro, Fidel,
Término indicativo de función/relación autor
9 (RLIN) 31499
245 #1 - MENCIÓN DE TÍTULO
Título Cinco Documentos /
Mención de responsabilidad, etc. Fidel Castro
264 ## - PRODUCCIÓN, PUBLICACIÓN, DISTRIBUCIÓN, FABRICACIÓN Y COPYRIGHT
Producción, publicación, distribución, fabricación y copyright La Habana Cuba :
Nombre del de productor, editor, distribuidor, fabricante Ciencias Sociales :
-- Instituto Cubano del Libro,
Fecha de producción, publicación, distribución, fabricación o copyright 1971
300 ## - DESCRIPCIÓN FÍSICA
Extensión 213 páginas
336 ## - TIPO DE CONTENIDO
Término de tipo de contenido texto
Fuente rdacontent
337 ## - TIPO DE MEDIO
Nombre/término del tipo de medio sin medio
Fuente rdamedia
338 ## - TIPO DE SOPORTE
Nombre/término del tipo de soporte volumen
Fuente rdacarrier
490 #0 - MENCIÓN DE SERIE
Mención de serie ediciones políticas
650 ## - PUNTO DE ACCESO ADICIONAL DE MATERIA--TÉRMINO DE MATERIA
Término de materia o nombre geográfico como elemento de entrada Socialismo
Subdivisión geográfica Cuba
9 (RLIN) 31500
650 ## - PUNTO DE ACCESO ADICIONAL DE MATERIA--TÉRMINO DE MATERIA
Término de materia o nombre geográfico como elemento de entrada Relaciones internacionales
Subdivisión geográfica Cuba
9 (RLIN) 31501
700 ## - PUNTO DE ACCESO ADICIONAL--NOMBRE DE PERSONA
Nombre de persona Casanueva, Roberto,
Término indicativo de función/relación diseño
9 (RLIN) 31502
942 ## - ELEMENTOS DE PUNTO DE ACCESO ADICIONAL (KOHA)
Fuente del sistema de clasificación o colocación Library of Congress Classification
Tipo de ítem Koha Libros
Suprimir en OPAC 1
Holdings
Estado de retiro Estado de pérdida Fuente del sistema de clasificación o colocación Estado dañado No para préstamo Localización permanente Ubicación/localización actual Fecha de adquisición Total de préstamos Signatura topográfica completa Código de barras Fecha visto por última vez Número de copia Precio válido a partir de Tipo de ítem Koha
El ejemplar forma parte de la colección y puede ser consultado según las políticas vigentes.   Library of Congress Classification     Biblioteca de Diseño Museo Franz Mayer Biblioteca de Diseño Museo Franz Mayer 07/05/2026   F1788.22.C3 C67 1971 BDIMFM000865 07/05/2026 EJ.1 07/05/2026 Libros